|
|
|
|
| LEADER |
00998cam a2200361 i 4500 |
| 001 |
000048397 |
| 003 |
8113 |
| 005 |
20030408160722.0 |
| 008 |
010322|2000 vm 000 eng |
| 020 |
|
|
|a 156159248X
|
| 040 |
|
|
|a IRC
|c IRC
|d IRC
|
| 041 |
0 |
|
|a eng
|
| 082 |
1 |
4 |
|a 004.03
|b En-C
|
| 245 |
0 |
0 |
|a Encyclopedia of computer science /
|c Anthony Ralston, Edwin D. Reilly, David Hemmendinger.
|
| 250 |
|
|
|a 4th ed.
|
| 260 |
|
|
|a London :
|b Nature,
|c 2000.
|
| 300 |
|
|
|a xxix, 2034 p., [16] p. of plates :
|b ill. (some col.), ports. ;
|c 28cm.
|
| 630 |
0 |
4 |
|a Computer science.
|
| 630 |
0 |
4 |
|a Encyclopedias.
|
| 650 |
0 |
4 |
|a Computer science
|v Encyclopedias.
|
| 700 |
1 |
|
|a Ralston, Anthony.
|
| 700 |
1 |
|
|a Hemmendinger, David.
|
| 700 |
1 |
|
|a Reilly, Edwin D.
|
| OWN |
|
|
|a DUT
|
| 999 |
|
|
|a From the UDN01
|
| TYP |
|
|
|a Monograph
|
| TYP |
|
|
|a Printed language
|
| 980 |
|
|
|a Mạng thư viện Đại học Đà Nẵng
|